000 00312nam a22001337a 4500
008 181205b xxu||||| |||| 00| 0 eng d
020 _a9780135338605
041 _aeng
080 _a370
100 _a49
101 _aEDU
245 _aCollege Raeding Purposes And Strategies
_cWood N.V
942 _2udc
_cBK
999 _c52874
_d52874